Statistiken für Trainer der deutschen Nationalmannschaft

Klicken Sie hier um das Quiz zu spielen!

Allgemein

  • Dieses Quiz wurde 481 mal gespielt
  • Das Durchschnittsergebnis liegt bei 9 aus 31

Antwortstatistiken

Landm oder wZeitTrainer% Korrekt
Deutschlandm2006-2021Joachim Löw
99%
Deutschlandm2021-Hansi Flick
93%
Deutschlandm2004-2006Jürgen Klinsmann
85%
Deutschlandm2000-2004Rudi Völler
75%
Westdeutschlandm1984-1990Franz Beckenbauer
74%
Deutschlandm1990-1998Berti Vogts
56%
Deutschlandm1936-1942Sepp Herberger
51%
Westdeutschlandm1950-1964Sepp Herberger
51%
Westdeutschlandm1964-1978Helmut Schön
47%
Deutschlandm1998-2000Erich Ribbeck
42%
Deutschlandw2019-Martina Voss-Tecklenburg
38%
Deutschlandw2005-2016Silvia Neid
33%
Westdeutschlandm1978-1984Jupp Derwall
32%
Deutschlandw2016-2018Steffi Jones
30%
Deutschlandw2018Horst Hrubesch
23%
Deutschlandm1926-1936Otto Nerz
21%
Deutschlandw1996-2005Tina Theune-Meyer
14%
DDRm1989-1990Eduard Geyer
13%
Deutschlandw1982-1996Gero Bisanz
7%
DDRm1983-1988Bernd Stange
5%
DDRm1970-1981Georg Buschner
5%
DDRm1954Hans Siegert
2%
DDRm1959-1961Heinz Krügel
2%
DDRm1955-1957János Gyarmati
2%
DDRm1988-1989Manfred Zapf
2%
DDRm1982-1983Rudolf Krause
2%
DDRm1952-1953Willi Oelgardt
2%
DDRw1990Bernd Schröder
1%
DDRm1958-1959Fritz Gödicke
1%
DDRm1967-1969Harald Seeger
1%
DDRm1961-1967Károly Soós
1%

Verteilung der Resultate

Perzentil nach korrekt beantworteten Fragen

Anzahl Personen mit jedem Resultat

Ihre Resultats-Entwicklung

Sie haben dieses Quiz noch nicht gespielt